[Event "Asian-ch Seniors 50"]
[Site "Auckland"]
[Date "2022.10.16"]
[Round "3"]
[White "Lourenco, Eva"]
[Black "Dowden, R Anthony"]
[Result "0-1"]
[WhiteElo "1337"]
[BlackElo "2004"]
[PlyCount "62"]
[EventDate "2022.10.15"]
[EventType "swiss"]
[EventRounds "9"]
[EventCountry "NZL"]
[SourceTitle "EXT 2024"]
[Source "ChessBase"]
[SourceDate "2023.10.10"]
[SourceVersion "1"]
[SourceVersionDate "2023.10.10"]
[SourceQuality "1"]

1. d4 Nf6 2. c4 c5 3. e3 e6 4. Nc3 cxd4 5. exd4 Bb4 6. Nf3 0-0 7. Be2 d5 8. 0-0 dxc4 9. Bxc4 b6 10. Bg5 Bb7 11. Be2 Be7 12. Qa4 a6 13. Rfd1 Nd5 14. Bxe7 Qxe7 15. Nxd5 Bxd5 16. Rdc1 b5 17. Qa5 Nc6 18. Qd2 Rfd8 19. Qe3 Rac8 20. a3 Bxf3 21. Bxf3 Nxd4 22. Rxc8 Nxf3+ 23. Qxf3 Rxc8 24. b4 g6 25. g3 Kg7 26. Rd1 h5 27. Rd3 h4 28. gxh4 Qxh4 29. Rd7 Qg5+ 30. Qg3 Qc1+ 31. Kg2 Qc6+ 0-1

[Event "NZL-ch op 127th"]
[Site "Tauranga"]
[Date "2020.01.21"]
[Round "8"]
[White "Garbett, Paul Anthony"]
[Black "Dowden, R Anthony"]
[Result "1-0"]
[WhiteElo "2185"]
[BlackElo "2056"]
[PlyCount "33"]
[EventDate "2020.01.14"]
[EventType "swiss"]
[EventRounds "9"]
[EventCountry "NZL"]
[SourceTitle "CBM 194 Extra"]
[Source "ChessBase"]
[SourceDate "2020.03.31"]
[SourceVersion "1"]
[SourceVersionDate "2020.03.31"]
[SourceQuality "1"]

1. e4 e6 2. d4 d5 3. Nd2 Nc6 4. Ngf3 Nf6 5. e5 Nd7 6. Nb3 a5 7. a4 Be7 8. Bb5 Na7 9. Bd3 b6 10. 0-0 c5 11. dxc5 bxc5 12. c4 Nc6 13. cxd5 exd5 14. Bb5 Nb4 15. Bd2 Bb7 16. e6 fxe6 17. Ne5 1-0

[Event "NZL-ch op 127th"]
[Site "Tauranga"]
[Date "2020.01.14"]
[Round "1"]
[White "Dowden, R Anthony"]
[Black "Wang, Aaron Ziwen"]
[Result "1-0"]
[WhiteElo "2056"]
[BlackElo "1610"]
[PlyCount "91"]
[EventDate "2020.01.14"]
[EventType "swiss"]
[EventRounds "9"]
[EventCountry "NZL"]
[SourceTitle "CBM 194 Extra"]
[Source "ChessBase"]
[SourceDate "2020.03.31"]
[SourceVersion "1"]
[SourceVersionDate "2020.03.31"]
[SourceQuality "1"]

1. e4 c5 2. Nf3 d6 3. d4 cxd4 4. Qxd4 Nc6 5. Bb5 Bd7 6. Bxc6 Bxc6 7. Nc3 Nf6 8. Bg5 e5 9. Qd3 Be7 10. Bxf6 Bxf6 11. 0-0-0 Be7 12. Kb1 0-0 13. Nd5 Bxd5 14. Qxd5 Qb6 15. Rd2 Rac8 16. Qb3 Qc6 17. Rd5 Qc4 18. Nd2 Qxb3 19. axb3 f5 20. f3 b6 21. exf5 Rxf5 22. Ne4 Rc6 23. Rhd1 Rh5 24. h3 Rh6 25. b4 a6 26. R1d3 Rc4 27. c3 Rc6 28. b5 axb5 29. Rxb5 Bd8 30. Rbd5 Bc7 31. b3 Kf8 32. c4 Ke7 33. Kc2 Rg6 34. g3 Bb8 35. Kd1 Rc8 36. Rd2 Bc7 37. Ra2 Rf8 38. Ke2 Ke6 39. h4 Rc8 40. Ra7 Kf5 41. Rb5 h6 42. h5 Re6 43. Ke3 Ree8 44. Rxc7 Rxc7 45. Nxd6+ Ke6 46. Nxe8 1-0

[Event "North Island-ch"]
[Site "Wellington"]
[Date "2019.04.22"]
[Round "7"]
[White "Sole, Michael D"]
[Black "Dowden, R Anthony"]
[Result "0-1"]
[WhiteElo "1804"]
[BlackElo "2066"]
[PlyCount "54"]
[EventDate "2019.04.19"]
[EventType "swiss"]
[EventRounds "8"]
[EventCountry "NZL"]
[SourceTitle "EXT 2020"]
[Source "ChessBase"]
[SourceDate "2019.10.17"]
[SourceVersion "1"]
[SourceVersionDate "2019.10.17"]
[SourceQuality "1"]

1. e4 e6 2. d4 d5 3. Nc3 Bb4 4. e5 c5 5. a3 Bxc3+ 6. bxc3 Qc7 7. Qg4 f5 8. Qg3 Ne7 9. Ne2 Kf7 10. h4 b6 11. h5 h6 12. Nf4 Nbc6 13. Bb2 Bd7 14. Bb5 Na5 15. Bd3 Rhg8 16. Ng6 Ba4 17. Nxe7 Kxe7 18. Qh4+ Kd7 19. g4 c4 20. gxf5 cxd3 21. fxe6+ Kxe6 22. Qh3+ Ke7 23. Qxd3 Raf8 24. Bc1 Bd7 25. f4 Bf5 26. Qg3 Rc8 27. Bd2 Nc4 0-1

[Event "North Island-ch"]
[Site "Wellington"]
[Date "2019.04.21"]
[Round "6"]
[White "Dowden, R Anthony"]
[Black "Lee, Edward1111"]
[Result "0-1"]
[WhiteElo "2066"]
[BlackElo "1856"]
[PlyCount "84"]
[EventDate "2019.04.19"]
[EventType "swiss"]
[EventRounds "8"]
[EventCountry "NZL"]
[SourceTitle "EXT 2020"]
[Source "ChessBase"]
[SourceDate "2019.10.17"]
[SourceVersion "1"]
[SourceVersionDate "2019.10.17"]
[SourceQuality "1"]

1. c4 e5 2. g3 Nf6 3. Bg2 d5 4. cxd5 Nxd5 5. Nf3 Nc6 6. Nc3 Nb6 7. 0-0 Be7 8. a3 0-0 9. b4 a6 10. d3 Bg4 11. Bb2 f5 12. b5 axb5 13. Qb3+ Kh8 14. Nxb5 Bf6 15. Rac1 Qe7 16. Rfe1 Ra5 17. e3 f4 18. exf4 Be6 19. Qc2 Rxb5 20. fxe5 Bg5 21. Nxg5 Qxg5 22. f4 Qg6 23. a4 Nxa4 24. Ba3 Bb3 25. Qf2 Rf7 26. Be4 Qg4 27. e6 Bxe6 28. Bxc6 bxc6 29. Qd4 h5 30. Rxc6 Bd7 31. Rxc7 Rb3 32. Qc4 Rc3 33. Qxf7 Rxc7 34. Bd6 Rb7 35. Be5 Bc6 36. Qf8+ Kh7 37. Rf1 Qh3 38. Kf2 Qg2+ 39. Ke3 Qxf1 40. Qf5+ g6 41. Qf6 Qe1+ 42. Kd4 Rb4# 0-1

[Event "Oceania zt"]
[Site "Tumon"]
[Date "2019.02.22"]
[Round "7"]
[White "Dowden, R Anthony"]
[Black "Lacno, Felix"]
[Result "1/2-1/2"]
[WhiteElo "2097"]
[BlackElo "1711"]
[PlyCount "39"]
[EventDate "2019.02.18"]
[EventType "swiss"]
[EventRounds "9"]
[EventCountry "GMA"]
[SourceTitle "CBM 189 Extra"]
[Source "ChessBase"]
[SourceDate "2019.06.03"]
[SourceVersion "1"]
[SourceVersionDate "2019.06.03"]
[SourceQuality "1"]

1. c4 e6 2. g3 d5 3. Bg2 c6 4. cxd5 exd5 5. Nf3 Nf6 6. 0-0 h6 7. b3 Bf5 8. d3 Be7 9. Nbd2 0-0 10. Bb2 Nbd7 11. Re1 Qb6 12. e4 Be6 13. Qe2 Rfe8 14. h3 Nh7 15. Kh2 Ng5 16. Nd4 Bf6 17. N2f3 Nxf3+ 18. Nxf3 Bxb2 19. Qxb2 c5 20. Rad1 1/2-1/2

[Event "Oceania zt"]
[Site "Tumon"]
[Date "2019.02.19"]
[Round "3"]
[White "Dowden, R Anthony"]
[Black "Cabunagan, Tito"]
[Result "1-0"]
[WhiteElo "2097"]
[BlackElo "1717"]
[PlyCount "83"]
[EventDate "2019.02.18"]
[EventType "swiss"]
[EventRounds "9"]
[EventCountry "GMA"]
[SourceTitle "CBM 189 Extra"]
[Source "ChessBase"]
[SourceDate "2019.06.03"]
[SourceVersion "1"]
[SourceVersionDate "2019.06.03"]
[SourceQuality "1"]

1. c4 Nf6 2. g3 c6 3. Nf3 d5 4. Bg2 dxc4 5. Na3 b5 6. 0-0 e6 7. b3 cxb3 8. axb3 Be7 9. Bb2 0-0 10. Ne5 Nd5 11. d4 Bxa3 12. Bxa3 b4 13. Bb2 Bb7 14. Qc2 a5 15. Rfd1 Qb6 16. e4 Nc7 17. Nc4 Qb5 18. Nd6 Qb6 19. Nc4 Qb5 20. Bf1 Qg5 21. h4 Qe7 22. Nxa5 Ba6 23. Nxc6 Nxc6 24. Qxc6 Bxf1 25. Rxf1 Rxa1 26. Rxa1 Ne8 27. Ra6 Qc7 28. Qxc7 Nxc7 29. Rb6 Ra8 30. Rxb4 Ne8 31. Ra4 Rxa4 32. bxa4 Nc7 33. Kf1 Kf8 34. Ke2 Ke7 35. Kd3 Kd6 36. Kc4 Kc6 37. Bc3 Kb6 38. d5 exd5+ 39. exd5 g6 40. a5+ Ka6 41. Kc5 Kb7 42. Be5 1-0

[Event "Oceania zt"]
[Site "Tumon"]
[Date "2019.02.18"]
[Round "2"]
[White "Press, Shaun"]
[Black "Dowden, R Anthony"]
[Result "1-0"]
[WhiteElo "1904"]
[BlackElo "2097"]
[PlyCount "111"]
[EventDate "2019.02.18"]
[EventType "swiss"]
[EventRounds "9"]
[EventCountry "GMA"]
[SourceTitle "CBM 189 Extra"]
[Source "ChessBase"]
[SourceDate "2019.06.03"]
[SourceVersion "1"]
[SourceVersionDate "2019.06.03"]
[SourceQuality "1"]

1. e4 e6 2. d4 d5 3. exd5 exd5 4. Bd3 Nc6 5. c3 Bd6 6. Nf3 Bg4 7. 0-0 Nge7 8. Re1 Qd7 9. Nbd2 Bf5 10. Nf1 0-0 11. Bg5 Rae8 12. Ne3 Be4 13. Bxe4 dxe4 14. Nd2 Ng6 15. Nec4 h6 16. Be3 f5 17. Qh5 Nce7 18. Nxd6 cxd6 19. f4 d5 20. c4 Kh7 21. g3 b5 22. c5 a5 23. Qd1 Nc6 24. a3 Rg8 25. b3 Nf8 26. Qe2 Rb8 27. Nf1 Ne6 28. Red1 g6 29. h4 Qg7 30. Qd2 Qf6 31. Ra2 Rgd8 32. Qf2 Kg8 33. Rad2 Rd7 34. Nh2 Rbd8 35. Rc1 Kh7 36. Rcc2 Rf8 37. Nf1 Rg7 38. Rc1 Rfg8 39. Rcd1 g5 40. hxg5 hxg5 41. Qe2 Rg6 42. Qxb5 Nxf4 43. Rh2+ Rh6 44. Rxh6+ Qxh6 45. Rd2 Nh3+ 46. Kh1 f4 47. Rh2 fxe3 48. Nxe3 Qh5 49. g4 Qh4 50. Qf1 Kg6 51. Rxh3 Rf8 52. Nf5 Qxg4 53. Rh6+ Kf7 54. Nd6+ Kg7 55. Ne8+ Kg8 56. Rh8+ 1-0

[Event "George Trundle Qualifiers"]
[Site "Auckland"]
[Date "2019.01.06"]
[Round "4"]
[White "Dowden, R Anthony"]
[Black "Huang, Alex"]
[Result "1-0"]
[WhiteElo "2044"]
[BlackElo "1971"]
[PlyCount "95"]
[EventDate "2019.01.04"]
[EventType "tourn"]
[EventRounds "9"]
[EventCountry "NZL"]
[SourceTitle "CBM 189 Extra"]
[Source "ChessBase"]
[SourceDate "2019.06.03"]
[SourceVersion "1"]
[SourceVersionDate "2019.06.03"]
[SourceQuality "1"]

1. c4 Nf6 2. g3 e5 3. Bg2 Nc6 4. Nc3 Bb4 5. Nd5 0-0 6. Nf3 d6 7. a3 Bc5 8. b4 Bd4 9. Nxd4 Nxd4 10. e3 Nf5 11. Bb2 Nxd5 12. cxd5 Bd7 13. 0-0 Qe8 14. Qc2 Rc8 15. f4 f6 16. Rac1 g6 17. e4 Ba4 18. Qb1 Ne7 19. d4 exf4 20. Rxf4 g5 21. Rf2 Qg6 22. Bh3 g4 23. Bf1 Bd7 24. Bd3 f5 25. Rcf1 fxe4 26. Bxe4 Qg7 27. Bxh7+ Kh8 28. Be4 Bb5 29. Rxf8+ Rxf8 30. Rxf8+ Qxf8 31. Qd1 Bc4 32. h3 Nxd5 33. Bxd5 Bxd5 34. Qxg4 Qf7 35. Qh4+ Kg8 36. Qg5+ Kh8 37. Qe3 Qg6 38. Bc1 Qb1 39. Qh6+ Kg8 40. Qg5+ Kh7 41. Qh5+ Kg7 42. Qg5+ Kh7 43. Qe7+ Kg6 44. Qxc7 Kh5 45. Qc8 Bf3 46. Qe8+ Qg6 47. Qh8+ Qh6 48. Qxh6# 1-0

[Event "George Trundle Qualifiers"]
[Site "Auckland"]
[Date "2019.01.04"]
[Round "2"]
[White "Metge, J Nigel"]
[Black "Dowden, R Anthony"]
[Result "0-1"]
[WhiteElo "2069"]
[BlackElo "2044"]
[PlyCount "44"]
[EventDate "2019.01.04"]
[EventType "tourn"]
[EventRounds "9"]
[EventCountry "NZL"]
[SourceTitle "CBM 189 Extra"]
[Source "ChessBase"]
[SourceDate "2019.06.03"]
[SourceVersion "1"]
[SourceVersionDate "2019.06.03"]
[SourceQuality "1"]

1. d4 Nf6 2. c4 c5 3. d5 e6 4. Nc3 exd5 5. cxd5 d6 6. e4 g6 7. Be2 Bg7 8. Bg5 0-0 9. Qd2 Re8 10. h4 a6 11. h5 Qc7 12. Qf4 Nbd7 13. a4 Qb6 14. Rb1 Qb4 15. hxg6 fxg6 16. f3 Nxe4 17. fxe4 Bxc3+ 18. bxc3 Qxb1+ 19. Kd2 Qb2+ 20. Kd1 Qb1+ 21. Kd2 Qxe4 22. Qxd6 Qxg2 0-1

[Event "NZL-ch op 125th"]
[Site "Palmerston North"]
[Date "2018.01.06"]
[Round "6"]
[White "Seabrook, Roy"]
[Black "Dowden, R Anthony"]
[Result "0-1"]
[WhiteElo "1784"]
[BlackElo "2028"]
[PlyCount "80"]
[EventDate "2018.01.01"]
[EventType "swiss"]
[EventRounds "9"]
[EventCountry "NZL"]
[SourceTitle "CBM 182 Extra"]
[Source "ChessBase"]
[SourceDate "2018.02.23"]
[SourceVersion "1"]
[SourceVersionDate "2018.02.23"]
[SourceQuality "1"]

1. Nf3 e6 2. b3 f5 3. Bb2 Nf6 4. e3 Be7 5. Be2 d6 6. c4 0-0 7. d4 Ne4 8. Nc3 Bf6 9. 0-0 Nxc3 10. Bxc3 b6 11. Rc1 Bb7 12. Qd3 Nd7 13. Rfd1 a5 14. Qb1 g6 15. Ne1 Qe7 16. Nd3 e5 17. Qb2 g5 18. c5 e4 19. cxd6 cxd6 20. Ne1 f4 21. b4 Bd5 22. Bd2 Qg7 23. Rc7 Bd8 24. Rc2 Qf7 25. f3 a4 26. b5 Ra7 27. Qb4 Qe6 28. exf4 e3 29. Bc1 gxf4 30. Ba3 Be7 31. Rdc1 h5 32. Rc7 Rxc7 33. Rxc7 Bxa2 34. Qxa4 Bd8 35. Rc6 Be7 36. Qa7 Bd5 37. Rc7 Ra8 38. Bc4 Rxa7 39. Bxd5 Qxd5 40. Rxa7 Qxd4 0-1

[Event "Australian op"]
[Site "Brisbane"]
[Date "2017.01.02"]
[Round "1"]
[White "Dowden, R Anthony"]
[Black "Haydn, Gavin"]
[Result "1-0"]
[WhiteElo "2090"]
[BlackElo "1702"]
[PlyCount "77"]
[EventDate "2017.01.02"]
[EventType "swiss"]
[EventRounds "11"]
[EventCountry "AUS"]
[SourceTitle "CBM 176 Extra"]
[Source "ChessBase"]
[SourceDate "2017.03.02"]
[SourceVersion "1"]
[SourceVersionDate "2017.03.02"]
[SourceQuality "1"]

1. c4 e5 2. Nc3 Nf6 3. g3 Nc6 4. Bg2 g6 5. d3 Bg7 6. Rb1 0-0 7. b4 Ne7 8. Nf3 d6 9. 0-0 Ne8 10. Qb3 c6 11. Rd1 f5 12. b5 h6 13. a4 Kh7 14. d4 e4 15. Ne1 d5 16. Ba3 Nd6 17. bxc6 bxc6 18. cxd5 cxd5 19. Bxd6 Qxd6 20. Nb5 Qd7 21. e3 Rb8 22. Qa3 Rf6 23. Nc3 Rfb6 24. Rxb6 Rxb6 25. Bf1 g5 26. a5 Rg6 27. Bb5 Qe6 28. Ne2 Bf8 29. Qa4 Rg8 30. a6 Ng6 31. Ng2 Bd6 32. Rc1 Rg7 33. Be8 f4 34. exf4 gxf4 35. Bxg6+ Rxg6 36. Nexf4 Bd7 37. Qb3 Qf5 38. Nxg6 Kxg6 39. Nh4+ 1-0

[Event "Doeberl Cup 54th"]
[Site "Canberra"]
[Date "2016.03.27"]
[Round "7"]
[White "Jones, Brian"]
[Black "Dowden, R Anthony"]
[Result "1/2-1/2"]
[WhiteElo "1981"]
[BlackElo "2097"]
[PlyCount "35"]
[EventDate "2016.03.24"]
[EventType "swiss"]
[EventRounds "9"]
[EventCountry "AUS"]
[SourceTitle "EXT 2018"]
[Source "ChessBase"]
[SourceDate "2017.10.13"]
[SourceVersion "1"]
[SourceVersionDate "2017.10.13"]
[SourceQuality "1"]

1. d4 Nf6 2. c4 c5 3. d5 d6 4. Nc3 e5 5. e4 Nbd7 6. Bd3 Be7 7. h3 h5 8. Nf3 a6 9. a4 Nf8 10. Qe2 h4 11. Be3 Ng6 12. Qd2 Nh5 13. Ne2 Rb8 14. 0-0 Bd7 15. Rfb1 a5 16. Kh1 b6 17. Neg1 Bf6 18. Ra3 1/2-1/2

[Event "Doeberl Cup 54th"]
[Site "Canberra"]
[Date "2016.03.25"]
[Round "4"]
[White "Dowden, R Anthony"]
[Black "Davis, Tony J"]
[Result "0-1"]
[WhiteElo "2097"]
[BlackElo "1875"]
[PlyCount "75"]
[EventDate "2016.03.24"]
[EventType "swiss"]
[EventRounds "9"]
[EventCountry "AUS"]
[SourceTitle "EXT 2018"]
[Source "ChessBase"]
[SourceDate "2017.10.13"]
[SourceVersion "1"]
[SourceVersionDate "2017.10.13"]
[SourceQuality "1"]

1. Nf3 d5 2. g3 Bg4 3. Bg2 Nd7 4. c4 dxc4 5. Na3 c6 6. Nxc4 e6 7. 0-0 Ngf6 8. Nfe5 Bh5 9. d4 Nxe5 10. Nxe5 Qb6 11. Qc2 Be7 12. Be3 Nd5 13. Bd2 Bxe2 14. Rfe1 Bh5 15. Be4 Nf6 16. Be3 Nxe4 17. Qxe4 Qb5 18. h4 f6 19. g4 Qd5 20. Qxd5 cxd5 21. gxh5 fxe5 22. dxe5 Bxh4 23. Rec1 Kd7 24. Kg2 a6 25. Rg1 Rhg8 26. Rac1 g6 27. hxg6 Rxg6+ 28. Kh3 Be7 29. Bb6 Rc8 30. Rxg6 hxg6 31. Rg1 Rc2 32. Bd4 Rd2 33. Bc3 Rd3+ 34. Rg3 Rxg3+ 35. Kxg3 Kc6 36. Kf3 Kc5 37. Bd2 Kd4 38. Bc3+ 0-1

[Event "Doeberl Cup 54th"]
[Site "Canberra"]
[Date "2016.03.25"]
[Round "3"]
[White "Illingworth, Max"]
[Black "Dowden, R Anthony"]
[Result "1-0"]
[WhiteElo "2486"]
[BlackElo "2097"]
[PlyCount "75"]
[EventDate "2016.03.24"]
[EventType "swiss"]
[EventRounds "9"]
[EventCountry "AUS"]
[SourceTitle "EXT 2018"]
[Source "ChessBase"]
[SourceDate "2017.10.13"]
[SourceVersion "1"]
[SourceVersionDate "2017.10.13"]
[SourceQuality "1"]

1. d4 e6 2. c4 f5 3. g3 Nf6 4. Bg2 g6 5. Nf3 Bg7 6. 0-0 0-0 7. Nc3 d6 8. b4 Qe7 9. Bb2 c6 10. Qb3 Ne4 11. Nxe4 fxe4 12. Nd2 d5 13. f3 exf3 14. Bxf3 a5 15. b5 a4 16. Qd3 a3 17. Bc3 dxc4 18. Qxc4 cxb5 19. Qxb5 Nc6 20. e3 Bd7 21. Qxb7 Rab8 22. Qa6 Rfc8 23. Rac1 Qg5 24. Qe2 Bh6 25. Rfe1 Nb4 26. Ne4 Qe7 27. Nc5 Bb5 28. Qd2 Nd5 29. Bg4 Rc6 30. Rb1 e5 31. Rb3 exd4 32. Bxd4 Nf6 33. Bxf6 Qxc5 34. Bd4 Qd5 35. Qg2 Qxg2+ 36. Kxg2 Rc2+ 37. Kh3 Rxa2 38. Rxb5 1-0

[Event "NZL-ch op 123rd"]
[Site "Auckland"]
[Date "2016.01.09"]
[Round "8"]
[White "Dowden, R Anthony"]
[Black "Goodhue, Nathan"]
[Result "1-0"]
[WhiteElo "2088"]
[BlackElo "1990"]
[PlyCount "103"]
[EventDate "2016.01.02"]
[EventType "swiss"]
[EventRounds "9"]
[EventCountry "NZL"]
[SourceTitle "CBM 170 Extra"]
[Source "ChessBase"]
[SourceDate "2016.02.25"]
[SourceVersion "1"]
[SourceVersionDate "2016.02.25"]
[SourceQuality "1"]

1. Nf3 b6 2. g3 Bb7 3. Bg2 e5 4. e4 d6 5. Nc3 Nf6 6. 0-0 c5 7. d3 Be7 8. Nh4 Nc6 9. Nf5 g6 10. Nxe7 Nxe7 11. Bh6 Rg8 12. Bg5 Nh5 13. Bh3 f6 14. Bd2 Bc8 15. Bg2 Qd7 16. f4 Bb7 17. a4 a6 18. a5 b5 19. fxe5 fxe5 20. Rf2 Rf8 21. Rxf8+ Kxf8 22. Qf1+ Kg8 23. Bh3 Qd8 24. Be6+ Kh8 25. Bh6 Ng8 26. Be3 Ng7 27. Bd5 Bxd5 28. Nxd5 Qf8 29. Qxf8 Rxf8 30. Rf1 Rxf1+ 31. Kxf1 Ne6 32. b4 Kg7 33. c3 Kf7 34. c4 bxc4 35. b5 Nd8 36. Bg5 Ke8 37. dxc4 h6 38. Nc7+ Kd7 39. Bxd8 Kxd8 40. b6 Ne7 41. Nxa6 Kc8 42. Nc7 Kb7 43. Nb5 Nc6 44. Nxd6+ Ka6 45. Nf7 Nxa5 46. Nxe5 Kxb6 47. Ke2 h5 48. h4 Nc6 49. Nxc6 Kxc6 50. Ke3 Kd6 51. Kf4 Ke6 52. e5 1-0

[Event "NZL-ch op 123rd"]
[Site "Auckland"]
[Date "2016.01.06"]
[Round "5"]
[White "Dowden, R Anthony"]
[Black "Watharow, Sean"]
[Result "1-0"]
[WhiteElo "2088"]
[BlackElo "1913"]
[PlyCount "55"]
[EventDate "2016.01.02"]
[EventType "swiss"]
[EventRounds "9"]
[EventCountry "NZL"]
[SourceTitle "CBM 170 Extra"]
[Source "ChessBase"]
[SourceDate "2016.02.25"]
[SourceVersion "1"]
[SourceVersionDate "2016.02.25"]
[SourceQuality "1"]

1. f4 c5 2. Nf3 Nc6 3. g3 e6 4. Bg2 d5 5. d3 Nf6 6. 0-0 Be7 7. Na3 0-0 8. c4 Qb6 9. h3 Rd8 10. Qe1 Nb4 11. Qf2 Nd7 12. Ne1 d4 13. Nac2 Nf6 14. Nxb4 Qxb4 15. Nf3 Rb8 16. b3 Qa5 17. Bd2 Qc7 18. a3 a5 19. Rfb1 b5 20. Ne5 Bb7 21. cxb5 Bxg2 22. Qxg2 Rxb5 23. a4 Rb7 24. Bxa5 Qc8 25. Bxd8 Bxd8 26. Qc6 Rc7 27. Qb5 Nd5 28. Qe8# 1-0

[Event "NZL-ch op 122nd"]
[Site "Auckland"]
[Date "2015.01.08"]
[Round "8"]
[White "Dowden, R Anthony"]
[Black "Croad, Nicholas"]
[Result "0-1"]
[WhiteElo "2194"]
[BlackElo "2366"]
[PlyCount "151"]
[EventDate "2015.01.01"]
[EventType "swiss"]
[EventRounds "9"]
[EventCountry "NZL"]
[SourceTitle "CBM 164 Extra"]
[Source "ChessBase"]
[SourceDate "2015.03.02"]
[SourceVersion "1"]
[SourceVersionDate "2015.03.02"]
[SourceQuality "1"]

1. c4 Nf6 2. Nf3 e6 3. g3 d5 4. b3 Be7 5. Bg2 0-0 6. 0-0 a5 7. a3 Nbd7 8. Bb2 a4 9. cxd5 exd5 10. b4 Re8 11. d3 Bf8 12. Nc3 Nb6 13. h3 g6 14. Rc1 Bg7 15. e3 Bd7 16. Qc2 h5 17. Ne2 c6 18. Bd4 Nh7 19. Rfd1 Nc8 20. Qc5 Bf8 21. Qc2 Bg7 22. Qc5 Bf8 23. Qc2 Nd6 24. Bb2 Bg7 25. Bxg7 Kxg7 26. Ned4 Qf6 27. Qc3 Kg8 28. Rc2 Rac8 29. Rdc1 Ng5 30. Nxg5 Qxg5 31. h4 Qf6 32. Nb5 Qxc3 33. Nxc3 Bf5 34. Bf1 Ra8 35. Rb2 Bd7 36. Rcb1 Be6 37. Rc1 Red8 38. d4 b5 39. Bd3 Bf5 40. Be2 Re8 41. Rd2 Re7 42. Rdd1 Rae8 43. Na2 Bd7 44. Kg2 f6 45. Bd3 Kg7 46. Rh1 Rc8 47. Rc3 Kh6 48. Rcc1 Bf5 49. Bxf5 Nxf5 50. Rc3 Nd6 51. Rhc1 Nc4 52. R1c2 Rce8 53. Nc1 g5 54. hxg5+ Kxg5 55. Kf3 Rh8 56. Rd3 h4 57. Ne2 h3 58. Rc1 Rf7 59. Rh1 Ne5+ 60. dxe5 fxe5+ 61. Nf4 e4+ 62. Ke2 exd3+ 63. Nxd3 Re7 64. Kf3 Re4 65. Nf4 h2 66. Kg2 Rc4 67. Nh3+ Kf6 68. Rxh2 Rc3 69. Rh1 Rxa3 70. Rc1 Rb3 71. Rxc6+ Ke7 72. Nf4 Ra8 73. Nxd5+ Kd7 74. Rc5 a3 75. Nb6+ Kd6 76. Rxb5 0-1

[Event "NZL-ch op 122nd"]
[Site "Auckland"]
[Date "2015.01.07"]
[Round "7"]
[White "Fuatai, Fuatai"]
[Black "Dowden, R Anthony"]
[Result "0-1"]
[WhiteElo "2089"]
[BlackElo "2194"]
[PlyCount "58"]
[EventDate "2015.01.01"]
[EventType "swiss"]
[EventRounds "9"]
[EventCountry "NZL"]
[SourceTitle "CBM 164 Extra"]
[Source "ChessBase"]
[SourceDate "2015.03.02"]
[SourceVersion "1"]
[SourceVersionDate "2015.03.02"]
[SourceQuality "1"]

1. e4 e6 2. d4 d5 3. exd5 exd5 4. Nf3 Nc6 5. Bd3 Bg4 6. c3 Bd6 7. 0-0 Nge7 8. Re1 Qd7 9. Nbd2 0-0-0 10. b4 Ng6 11. a4 Nh4 12. Be2 Nxf3+ 13. Bxf3 h5 14. Nf1 Ne7 15. Ng3 Rdg8 16. Be2 Bxe2 17. Nxe2 h4 18. Bf4 g5 19. Bxd6 Qxd6 20. Nc1 g4 21. Nd3 g3 22. fxg3 hxg3 23. h3 Ng6 24. Ne5 Nf4 25. Qf3 Rh4 26. Ra2 Qf6 27. Rf1 Qf5 28. Ng4 Rgxg4 29. hxg4 Rh1+ 0-1

[Event "South Island-ch"]
[Site "Dunedin"]
[Date "2012.10.13"]
[Round "8"]
[White "Dowden, R Anthony"]
[Black "Chan, Peng Kong"]
[Result "1/2-1/2"]
[WhiteElo "2107"]
[BlackElo "2245"]
[PlyCount "57"]
[EventDate "2012.10.14"]
[EventType "swiss"]
[EventRounds "9"]
[EventCountry "NZL"]
[SourceTitle "EXT 2018"]
[Source "ChessBase"]
[SourceDate "2017.10.13"]
[SourceVersion "1"]
[SourceVersionDate "2017.10.13"]
[SourceQuality "1"]

1. c4 e6 2. g3 d5 3. Bg2 Nf6 4. Nf3 Be7 5. b3 0-0 6. Bb2 c6 7. 0-0 Nbd7 8. Nc3 b6 9. d3 Bb7 10. e3 Rb8 11. Re1 c5 12. cxd5 Nxd5 13. Nxd5 Bxd5 14. Rc1 Bf6 15. Bxf6 Nxf6 16. d4 Bxf3 17. Bxf3 cxd4 18. Qxd4 Qxd4 19. exd4 Rfc8 20. Red1 Kf8 21. Rxc8+ Rxc8 22. d5 exd5 23. Bxd5 Rc2 24. a4 Rb2 25. Bc4 Ng4 26. Rd7 Ne5 27. Rxa7 Nxc4 28. bxc4 Rb4 29. Rb7 1/2-1/2

[Event "South Island-ch"]
[Site "Dunedin"]
[Date "2012.10.12"]
[Round "5"]
[White "Dowden, R Anthony"]
[Black "Johnson, Quentin JF"]
[Result "1-0"]
[WhiteElo "2107"]
[BlackElo "2102"]
[PlyCount "78"]
[EventDate "2012.10.14"]
[EventType "swiss"]
[EventRounds "9"]
[EventCountry "NZL"]
[SourceTitle "EXT 2018"]
[Source "ChessBase"]
[SourceDate "2017.10.13"]
[SourceVersion "1"]
[SourceVersionDate "2017.10.13"]
[SourceQuality "1"]

1. Nf3 d5 2. g3 c5 3. d4 e6 4. Bg2 Nf6 5. 0-0 Nbd7 6. c4 dxc4 7. Qc2 a6 8. a4 cxd4 9. Nxd4 Qc7 10. Na3 Bc5 11. Rd1 0-0 12. Nxc4 e5 13. Nb3 Ba7 14. Be3 Nb6 15. Na3 Qxc2 16. Nxc2 Nc4 17. Bc5 Bf5 18. Rdc1 Rfb8 19. Nb4 Nxb2 20. Bd6 Rc8 21. Bxb7 Rxc1+ 22. Rxc1 Rd8 23. Nc6 Rxd6 24. Ne7+ Kf8 25. Nxf5 Rd1+ 26. Rxd1 Nxd1 27. e3 Ng4 28. Bxa6 Ngxf2 29. Kf1 Ng4 30. h3 Ngxe3+ 31. Nxe3 Nxe3+ 32. Ke2 Ke7 33. a5 Kd6 34. Kd3 f5 35. Bb7 Nd5 36. a6 e4+ 37. Kd2 g5 38. Na5 Nb4 39. Ke2 Kc7 1-0

[Event "South Island-ch"]
[Site "Dunedin"]
[Date "2012.10.11"]
[Round "3"]
[White "Dowden, R Anthony"]
[Black "Lyall, Simon"]
[Result "1/2-1/2"]
[WhiteElo "2107"]
[BlackElo "1777"]
[PlyCount "83"]
[EventDate "2012.10.14"]
[EventType "swiss"]
[EventRounds "9"]
[EventCountry "NZL"]
[SourceTitle "EXT 2018"]
[Source "ChessBase"]
[SourceDate "2017.10.13"]
[SourceVersion "1"]
[SourceVersionDate "2017.10.13"]
[SourceQuality "1"]

1. Nf3 d5 2. e3 Nf6 3. b3 Bg4 4. Bb2 e6 5. h3 Bh5 6. Be2 Nbd7 7. d3 Bd6 8. g4 Bg6 9. a3 h6 10. c4 c5 11. Nc3 Nb6 12. Nb5 Be7 13. Be5 0-0 14. Qd2 Nfd7 15. Bc7 Qc8 16. cxd5 Nxd5 17. Bd6 Bxd6 18. Nxd6 Qc6 19. Nc4 b6 20. Rc1 Qb5 21. Qc2 Qc6 22. Nce5 Nxe5 23. Nxe5 Qd6 24. Qb2 Bh7 25. h4 Rac8 26. g5 f6 27. gxf6 Rxf6 28. Ng4 Rff8 29. Nxh6+ Kh8 30. Rg1 e5 31. Ng4 Rce8 32. Rd1 Re7 33. Rg2 Nf6 34. Nh2 Qe6 35. Nf3 Qc6 36. Rg3 Qd5 37. Rg5 Nd7 38. Qc3 Rxf3 39. e4 Bxe4 40. Rh5+ Bh7 41. Bxf3 Qxf3 42. Rg5 1/2-1/2